[Event "Provence-ch prom Meyreuil 9293"]
[Site "France"]
[Date "1992.??.??"]
[Round "2"]
[White "Blangeard, Pierre"]
[Black "Mallan, Charles"]
[Result "0-1"]
[WhiteElo "1850"]
[BlackElo "1690"]
[PlyCount "62"]
[EventDate "1992.??.??"]
[EventType "tourn"]
[EventRounds "9"]
[EventCountry "FRA"]
[SourceTitle "EXT 2005"]
[Source "ChessBase"]
[SourceDate "2004.11.15"]
[SourceVersion "1"]
[SourceVersionDate "2004.11.15"]
[SourceQuality "1"]

1. e4 c5 2. Nf3 d6 3. d4 cxd4 4. Nxd4 Nf6 5. Nc3 g6 6. Be3 Bg7 7. Bc4 Nc6 8. f3 Bd7 9. Qd2 Rc8 10. Bb3 Ne5 11. 0-0-0 Nc4 12. Bxc4 Rxc4 13. Kb1 Qa5 14. g4 b5 15. Nb3 Qc7 16. e5 dxe5 17. h4 b4 18. Nd5 Nxd5 19. Qxd5 Be6 20. Qb5+ Qc6 21. Qb8+ Qc8 22. Qxa7 Rxc2 23. Qa4+ Qc6 24. Qxb4 0-0 25. Rhf1 e4 26. Nd4 Bxd4 27. Bxd4 exf3 28. Qxe7 Bxg4 29. Qg5 Bf5 30. Qxf5 gxf5 31. Rg1+ Rg2 0-1